You Figure It Out #11 - Statistics

General Stats
  • This quiz has been taken 52 times
  • The average score is 11 of 18
Answer Stats
Hint Answer % Correct
Lady Bug
98%
Prescription Drug
77%
Jitter Bug
75%
Bed Bug
75%
Bear Hug
73%
Litter Bug
71%
Hum Bug
69%
Coffee Mug
67%
Beer Mug
63%
Spark Plug
63%
Fire Bug
60%
Shutter Bug
56%
Sea Slug
48%
Shag Rug
46%
Throw Rug
42%
Water Jug
40%
Wall Plug
33%
Designer Drug
21%
No matching quizzes found
Score Distribution
Percent of People with Each Score
Percentile by Number Answered
Your Score History
You have not taken this quiz